000 02077cam a22003251a 4500
001 gs 55000243
003 DLC
005 20260227111403.0
008 770914s1954 dcuab b f001 0 eng c
010 _ags 55000243
035 _a(OCoLC)3262196
040 _aU.S. Geol. Survey. Lib.
_cOOxM
_dDNAL
_dOCoLC
_dDLC
042 _apremarc
050 0 0 _aTC801
_b.U2 no. 1256
070 0 _a407
_bG29W no.1256
082 _a551.49
100 1 _aMcLaughlin, Thad G.
_q(Thad Gerald),
_d1913-
245 1 0 _aGeology and ground-water resources of Baca County, Colorado /
_cby Thad G. McLaughlin ; prepared in cooperation with the Colorado Water Conservation Board.
260 _aWashington, D.C. :
_bU.S. G.P.O.,
_c1954.
300 _av, 232 p. :
_bill., maps ;
_c24 cm.
440 0 _aGeological Survey water-supply paper ;
_v1256
500 _aErrata slip inserted.
500 _aTwo folded leaves in pocket.
501 _aWith: Geology and ground-water resources of the Paintsville area, Kentucky / by J.A. Baker -- Ground water resources of the Middle Loup Division of the Lower Platte River Basin, Nebraska / by Delbert W. Brown ; with a section on chemical quality of the ground water by Frank H. Rainwater -- Geology and ground-water resources of the Fort Berthold Indian Reservation, North Dakota / R.J. Dingman and E.D. Gordon ; with a section on chemical quality of the ground water by H.A. Swenson -- Floods of September 1952 in the Colorado and Guadelupe [sic] river basins, central Texas / by S.D. Breeding and J.H. Montgomery -- Floods of April 1952 in the Missouri River basin / prepared under the direction of J.V.B. Wells -- Floods of 1952 in the basins of the upper Mississippi River and Red River of the North / prepared under the direction of J.V.B. Wells. Washington, D.C. : G.P.O., 1955. Bound together subsequent to publication.
_5DLC
504 _aBibliography: p. 227-229.
500 _aIncludes index.
650 0 _aWater-supply
_zColorado
_zBaca County.
650 0 _aGroundwater
_zColorado
_zBaca County.
650 0 _aBorings
_zColorado
_zBaca County.
999 _c28975
_d28975